Statistiques concernant Prénoms gens MLT 2

Cliquez ici pour prendre le quiz!

Statistiques générales

  • Ce quiz a été pris 9 fois
    (8 depuis la dernière actualisation)
  • Le résultat moyen est 23 sur 39

Statistiques - réponses

Réponse% Correct
Thomas
100%
Thomas
100%
Chloé
80%
Chloé
80%
Guillaume
80%
Louis
80%
Luca
80%
Paul
80%
Amel
60%
Aude
60%
Baptiste
60%
Dondu
60%
Enzo
60%
Fanny
60%
Gaelle
60%
Illiane
60%
Julia
60%
Louna
60%
Nina
60%
Oissim
60%
Quentin
60%
Reda
60%
Sacha
60%
Sam
60%
Sena
60%
Thibault
60%
Thibault
60%
Yassine
60%
Aissa
40%
Amil
40%
Asya
40%
Ayoub
40%
Flavio
40%
Juan
40%
Lola
40%
Lucien
40%
Lux
40%
Mathilde
40%
Pauline
40%

Distribution des résultats

Percentile par nombre de réponses

% des personnes avec chaque résultat

Votre développement - résultats

Vous n’avez pas pris ce quiz depuis la dernière actualisation